000 00776nam a2200253 a 4500
001 67509
003 BD-RjUL
005 20211209081650.0
008 170325s1962 e 001 0 eng
035 _a(BD-RjUL)67640
040 _aDLC/ICU
_cICU
_dBD-RjUL
_beng
041 _aeng
082 0 0 _a535.1
_223
_bPOF 1962
100 1 _aPost, E. J.
_9200039
245 1 0 _aFormal structure of electromagnetics :
_bgeneral covariance and electromagnetics /
_cE. J. Post
260 _aAmsterdam :
_bNorth-Holland Pub. Co.,
_cc1962.
300 _axiv, 204 p. ;
_c21 cm.
500 _aIncludes Index.
650 0 _aElectromagnetic theory.
_9200041
650 0 _aTransformations (Mathematics)
_9200042
942 _2ddc
_cBK
999 _c67509
_d67509